5HLuxD.jpg

KING HENRY VIII SENIOR AND PRIMARY SCHOOL LIBRARY OPAC

Geography for Cambridge International AS & A level / (Record no. 2669)

000 -LEADER
fixed length control field 01072nam a22003498i 4500
001 - CONTROL NUMBER
control field 018216581
003 - CONTROL NUMBER IDENTIFIER
control field Uk
005 - DATE AND TIME OF LATEST TRANSACTION
control field 20230809143746.0
008 - FIXED-LENGTH DATA ELEMENTS--GENERAL INFORMATION
fixed length control field 170127s2017 enka 000|0|eng|d
015 ## - NATIONAL BIBLIOGRAPHY NUMBER
National bibliography number GBB719651
Source bnb
016 7# - NATIONAL BIBLIOGRAPHIC AGENCY CONTROL NUMBER
Record control number 018216581
Source Uk
020 ## - INTERNATIONAL STANDARD BOOK NUMBER
International Standard Book Number 9780198399650 (pbk.)
040 ## - CATALOGING SOURCE
Original cataloging agency StDuBDS
Language of cataloging eng
Transcribing agency StDuBDS
Description conventions rda
Modifying agency KH8
082 04 - DEWEY DECIMAL CLASSIFICATION NUMBER
Classification number 910 FRE
100 1# - MAIN ENTRY--PERSONAL NAME
Personal name Fretwell, Muriel,
Relator term author.
245 10 - TITLE STATEMENT
Title Geography for Cambridge International AS & A level /
Statement of responsibility, etc. Muriel Fretwell, David Kelly, John Nanson.
263 ## - PROJECTED PUBLICATION DATE
Projected publication date 201701
264 #1 - PRODUCTION, PUBLICATION, DISTRIBUTION, MANUFACTURE, AND COPYRIGHT NOTICE
Place of production, publication, distribution, manufacture Oxford :
Name of producer, publisher, distributor, manufacturer Oxford University Press,
Date of production, publication, distribution, manufacture, or copyright notice [2017?]
300 ## - PHYSICAL DESCRIPTION
Extent v, 500 pages :
Other physical details illustrations (colour) ;
Dimensions 28 cm
336 ## - CONTENT TYPE
Content type term text
Source rdacontent
336 ## - CONTENT TYPE
Content type term still image
Source rdacontent
337 ## - MEDIA TYPE
Media type term unmediated
Source rdamedia
338 ## - CARRIER TYPE
Carrier type term volume
Source rdacarrier
500 ## - GENERAL NOTE
General note Includes ebook access.
521 2# - TARGET AUDIENCE NOTE
Target audience note AS.
521 2# - TARGET AUDIENCE NOTE
Target audience note A-level.
650 #0 - SUBJECT ADDED ENTRY--TOPICAL TERM
Topical term or geographic name entry element Geography.
650 #0 - SUBJECT ADDED ENTRY--TOPICAL TERM
Topical term or geographic name entry element Geography
General subdivision Examinations
Form subdivision Study guides.
700 1# - ADDED ENTRY--PERSONAL NAME
Personal name Kelly, David
Titles and other words associated with a name (Geographer),
Relator term author.
700 1# - ADDED ENTRY--PERSONAL NAME
Personal name Nanson, John,
Relator term author.
942 ## - ADDED ENTRY ELEMENTS (KOHA)
Source of classification or shelving scheme
Koha item type Teaching Resources
Holdings
Withdrawn status Lost status Source of classification or shelving scheme Damaged status Not for loan Collection code Permanent Location Current Location Shelving location Date acquired Full call number Barcode Date last seen Price effective from Koha item type
          Teaching Resources KH8 Senior School Library KH8 Senior School Library Staff Office 2023-08-09 910 FRE TRKHSL001489 2023-08-09 2023-08-09 Teaching Resources

Powered By KH8 IT Dept